000 00616nam a2200205 u 4500
005 20240228064031.0
008 111020s2004 mx r 000 0 spa d
020 _a9681673328
035 _aUPN01000182284
049 _aI
050 4 _aPZ74.9
_bA7.3
100 1 _aArciniegas, Triunfo,
_d1957-
_932433
245 1 0 _aCarmela toda la vida /
_cTriunfo Arciniegas ; il. de Jotavé.
260 _aMéxico :
_bFCE,
_c2004.
300 _a76 p. :
_bil.
440 2 _aA la orilla del viento ;
_v173
650 4 _aLITERATURA INFANTIL COLOMBIANA
_911063
650 4 _aLibros y lectura para niños
_92290
905 _aInfantil
999 _c154387
_d154387